000 00953nam a2200289 a 4500
001 33220
003 BD-RjUL
005 20211209051953.0
008 140430s1988 bg a b f001 0 eng
035 _a(BD-RjUL)33311
040 _aDLC
_cDLC
_dDLC
_dBD-RjUL
_beng
041 0 _aengben
082 0 0 _a378.1981
_220
_bARI 1988
100 1 _aAra, Shawkat.
_9100885
245 1 0 _aIdeology and student activism /
_cShawkat Ara.
260 _aRajshahi :
_bUniversity of Rajshahi,
_c1988.
300 _a222 p. :
_bill. ;
_c25 cm.
500 _aAppendixes in Bengali.
500 _aStudies conducted in Indo-Bangladesh context.
500 _a"RU(PPP) publication no. 23"--T.p. verso.
504 _aIncludes bibliographical references (p. 157-167)
650 0 _aStudent movements
_zBangladesh
_xEvaluation.
_9100886
650 0 _aStudent movements
_zIndia
_xEvaluation.
_9100887
942 _2ddc
_cBK
999 _c33220
_d33220